Pseudo-differential operators

Αποθηκεύτηκε σε:
Λεπτομέρειες βιβλιογραφικής εγγραφής
Κύριος συγγραφέας: Simanca (Santiago R.) S. R.
Μορφή: Βιβλίο
Γλώσσα:English
Δημοσίευση: Harlow, Essex, England : New York : Longman Scientific & Technical, Wiley, 1990
Σειρά:Pitman research notes in mathematics series ; ; 236
Θέματα:
Ετικέτες: Προσθήκη ετικέτας
Δεν υπάρχουν, Καταχωρήστε ετικέτα πρώτοι!

MARC

LEADER 00000cam a2200000 i 4500
001 1/39185
008 941103s1990 eng d
020 |a 058206693X 
035 |l 10040947 
035 |a 1993 
040 |a GR-MY-UA  |b gre  |e aacr 
041 0 |a eng 
082 0 |a 515.7242  |2 (20) 
100 1 |a Simanca  |q (Santiago R.)  |d S. R. 
245 1 0 |a Pseudo-differential operators /  |c S.R. Simanca 
260 |a Harlow, Essex, England :   |a New York :   |b Longman Scientific & Technical,   |b Wiley,   |c 1990 
300 |a 123 p.;  |c 25 cm 
490 1 |a Pitman research notes in mathematics series  |v ; 236 
504 |a Includes bibliographical references (p. 120-121) and index 
650 0 0 |a Pseudodifferential operators. 
830 0 |a Pitman research notes in mathematics series ;  |v ; 236 
852 |a INST  |b SAMOS  |e 19941103  |h 515.7242 SIM  |p 005300007262  |q 005300007262  |t BK  |y 0 
909 |a Σ  |b 030615